000 00795nam a2200229Ii 4500
003 JO-AjNU
008 230605s9999||||xx |||||||||||||| ||und||
017 _a2009/9/4169
020 _a978-9957-07-324-4
040 _aJO-AjNU
_bara
_erda
_cJO-AjNU
041 _aara
050 1 4 _aHD58.7.M33.2010
100 3 _aالمغربي، كامل محمد,
_eauthor
_928682
245 0 0 _aالسلوك التنظيمي:مفاهيم واسس سلوك الفرد والجماعة في التنظيم
250 _aط4
264 3 1 _aعمان:دار الفكر ناشرون وموزعون،2010
300 _a 357ص
336 _atext
_btxt
_2rdacontent
337 _aunmediated
_bn
_2rdamedia
338 _avolume
_bnc
_2rdacarrier
650 4 _aادارة اعملال- سلوك تنظيمي
_928683
999 _aA11155
_c14723
_d14723